Quan niệm nghệ thuật của Phan Khôi qua một số sáng tác trước năm 1945

Phan Khôi – bậc trí giả buổi giao thời. Những quan niệm nghệ thuật nổi bật của Phan Khôi. Những đặc điểm nổi bật biểu hiện quan niệm nghệ thuật của Phan Khôi

Enregistré dans:
Détails bibliographiques
Auteur principal: Hồ Thị Tính
Autres auteurs: Phan Ngọc Thu TS. (Hướng dẫn)
Format: Livre
Publié: Đà Nẵng Đại học Đà Nẵng 2016
Sujets:
Tags: Ajouter un tag
Pas de tags, Soyez le premier à ajouter un tag!
Thư viện lưu trữ: Mạng thư viện Đại học Đà Nẵng
LEADER 01662nam a2200337 4500
001 000024307
003 20793
005 20161222141210.0
008 161111s2016 sd
082 1 4 |a 895.922080032  |b HÔ-T 
100 1 |a Hồ Thị Tính 
245 1 0 |a Quan niệm nghệ thuật của Phan Khôi qua một số sáng tác trước năm 1945  |c Hồ Thị Tính ; Phan Ngọc Thu hướng dẫn  |k Luận văn tốt nghiệp 
260 |a Đà Nẵng  |b Đại học Đà Nẵng  |c 2016 
300 |a 91 tr. ; phụ lục 5 tr.  |c 29 cm.  |e Tóm tắt 
500 |a Luận văn Khoa học xã hội và nhân văn. Chuyên ngành : Văn học Việt Nam. Mã số: 60 22 01 21 
520 3 |a Phan Khôi – bậc trí giả buổi giao thời. Những quan niệm nghệ thuật nổi bật của Phan Khôi. Những đặc điểm nổi bật biểu hiện quan niệm nghệ thuật của Phan Khôi 
600 1 4 |a Phan Khôi  |d 1887-1958 
650 0 4 |a Văn học Việt Nam  |v Luận văn tốt nghiệp  |x Nghệ thuật  |y Trước năm 1945  |z Việt Nam 
653 |a Phan Khôi 
653 |a Văn học Việt Nam 
700 1 |a Phan Ngọc Thu  |c TS.  |e Hướng dẫn 
OWN |a LSP 
AVA |a UDN50  |b LSP  |d 895.922080032 HÔ-T  |e available  |t Error 5001 Not defined in file expand_doc_bib_avail.  |f 1  |g 0  |h N  |i 0  |k 1 
999 |a From the UDN01 
AVA |a UDN50  |b LSP  |d 895.922080032 HÔ-T  |e available  |t Error 5001 Not defined in file expand_doc_bib_avail.  |f 1  |g 0  |h N  |i 0  |k 1 
TYP |a Monograph 
TYP |a Printed language 
980 |a Mạng thư viện Đại học Đà Nẵng